| 000 | 00646nam a2200205 i 4500 | ||
|---|---|---|---|
| 001 | 74944 | ||
| 003 | ES-MaACL | ||
| 005 | 20231204174100.0 | ||
| 007 | t| | ||
| 008 | 040921s1935 sp ||||1| spa d | ||
| 100 | 1 |
_aGosse, Philip. _959260 |
|
| 245 | 1 | 0 |
_aHistoria de la piratería / _cpor Philip Gosse ; traducido del inglés por Lino Novás Calvo. |
| 260 |
_aMadrid : _bEspasa-Calpe, _c1935. |
||
| 300 |
_a378 p., 8 lám- ; _c22 cm. |
||
| 490 | 1 |
_aHechos sociales ; _v10 |
|
| 700 | 1 |
_aNovás Calvo, Lino, _d1905-1983 _986065 |
|
| 830 | 0 |
_aHechos sociales ; _v10 _9183471 |
|
| 852 |
_aES-MaACL _jF-16076 _bR.20837 |
||
| 999 |
_c74944 _d74944 |
||